|
|
|
|
| LEADER |
00000nab a2200000 4500 |
| 001 |
vtls011928816 |
| 003 |
SK-MaSNL |
| 005 |
20260304170506.0 |
| 008 |
200414|2019 xo |||| ||an ||00 0|slo |
| 015 |
|
|
|a SNBRB2020/04
|
| 040 |
|
|
|e rda
|
| 041 |
|
|
|a slo
|b slo
|
| 044 |
|
|
|a xo
|c SK
|
| 072 |
|
7 |
|a 51
|x Matematika
|2 konspekt
|
| 072 |
|
7 |
|a 159.93/.94
|x Senzorické a motorické funkcie. Emócie. Vôľa
|2 konspekt
|
| 080 |
|
|
|a 51
|2 2011
|
| 080 |
|
|
|a 159.938.363.1
|2 2011
|
| 100 |
1 |
|
|a Šimková, Gabriela
|4 aut
|9 814540
|
| 245 |
1 |
0 |
|a Rozvíjanie matematických predstáv v predškolskom veku
|c Gabriela Šimková
|
| 300 |
|
|
|b Obrázky
|
| 336 |
|
|
|a text
|b txt
|2 rdacontent
|
| 337 |
|
|
|a bez média
|b n
|2 rdamedia
|
| 338 |
|
|
|a zväzok
|b nc
|2 rdacarrier
|
| 504 |
|
|
|a Obsahuje bibliografiu
|
| 546 |
|
|
|a Slovenské resumé
|
| 650 |
0 |
7 |
|a matematika
|2 SNKPH
|9 70174
|
| 650 |
0 |
7 |
|a predškolský vek
|2 SNKPH
|9 70893
|
| 773 |
0 |
|
|t Predškolská výchova
|g Roč. 74, č. 3 (2019/20), s. 4-6
|x 0032-7220
|
| 787 |
0 |
8 |
|i Rec.:
|
| 958 |
|
|
|a NB
|
| 999 |
|
|
|c 2989021
|d 2990951
|